000 00573nam a2200229Ia 4500
005 20250425162210.0
008 250425s9999 xx 000 0 und d
020 _a1843763826
041 _aeng
082 _a338.04
100 _aSHANE, SCOTT ANDREW
245 0 _aA GENERAL THEORY OF ENTREPRENEURSHIP: THE INDIVIDUAL-OPPORTUNITY NEXUS
250 _aS.E.
260 _aEstados Unidos
_bEDWARD ELGAR
_c2003
260 _aS.L.
300 _a327
650 _aEMPRENDEDORES
650 _aESTRATEGIAS
710 _aEDWARD ELGAR
942 _c01
010 _a55639
999 _c224373
_d224373